000
00237nam a2200097Ia 4500
008
120527s9999 xx 000 0 und d
100
_a
MBELU,Maria,A.
245
_a
Introduction to fine and applied arts.
260
_b
MetMay
942
_c
BK
999
_c
24068
_d
24068